00457nam a2200133Ia 4500008004100000024006000041082001800101100006400119245003700183260002600220600002700246650003300273999001700306260210s9999 xx 000 0 und d a12B-178-EL, 12B-180-EL, 12B-192-EL & 12B-202-EL a658.05072 ABD aAbdul Basit, Muhammad Usama Darbar, Haroon Abid & Haris 0aElectronic Key Management System aKarachi:bUITU,c2012 aElectronic Engineering aBachelor of Engineering (BE) c33186d33186